000 00312nam a22001331a 4500
082 _aS 294.551 3
_bMIN/P
100 _aMinati Rath
245 _aPuranesu sivataratattvam/
_cby Minati Rath
260 _aPuri:
_bSatarupa Panda,
_c2008.
300 _a108p.
650 _aSaivism
650 _aReligion
942 _cBK
999 _c36575
_d36575